Loading...
സ്ത്രീകളുടെ മാനസിക പ്രശ്നങ്ങള്
| Main Author: | |
|---|---|
| Format: | Printed Book |
| Published: |
Thrissur
Green Books
2015
|
| Subjects: |
| LEADER | 00624nam a22001817a 4500 | ||
|---|---|---|---|
| 003 | OSt | ||
| 020 | |a 9788184234497 | ||
| 082 | |a 616.89 |b SUK/ST | ||
| 100 | |a Sukmaran, P K | ||
| 245 | |a സ്ത്രീകളുടെ മാനസിക പ്രശ്നങ്ങള് | ||
| 260 | |a Thrissur |b Green Books |c 2015 | ||
| 300 | |a 120p | ||
| 500 | |a Sthreekalude manisikaprasnangal | ||
| 546 | |a Malayalam | ||
| 650 | |a Health | ||
| 942 | |2 ddc |c BK | ||
| 999 | |c 156211 |d 156211 | ||
| 952 | |0 0 |1 0 |2 ddc |4 0 |6 616_890000000000000_SUKST |7 0 |8 Gen |9 155276 |a KAUCLV |b KAUCLV |c GENERAL |d 2017-07-10 |g 105.00 |o 616.89 SUK/ST |p 227324 |r 2017-07-10 |w 2017-07-10 |y BK | ||